New Civil Engineer Contractors File 2006 (Record no. 77466)

MARC details
000 -LEADER
fixed length control field 00930cab a2200229 4500
001 - CONTROL NUMBER
control field ##L134340
008 - FIXED-LENGTH DATA ELEMENTS--GENERAL INFORMATION
fixed length control field 060727n2006 000 0 eng u
035 ## - SYSTEM CONTROL NUMBER
System control number (Sirsi) u134340
041 0# - LANGUAGE CODE
Language code of text/sound track or separate title eng
100 1# - MAIN ENTRY--PERSONAL NAME
Personal name Hansford, Mark
245 00 - TITLE STATEMENT
Title New Civil Engineer Contractors File 2006
260 ## - PUBLICATION, DISTRIBUTION, ETC.
Date of publication, distribution, etc. 2006
490 #0 - SERIES STATEMENT
Series statement New Civil Engineer
Volume/sequential designation supplement 20 July 2006, (46)
520 ## - SUMMARY, ETC.
Summary, etc. Contains alphabetical listing of construction companies, and tables including UK civil engineering turnover, overall turnover, UK civil engineering operating profit, pretax profit, total staff and engineering staff, buildings, and work in hand. Also includes analysis, and articles about the NCE contractors of the year.
651 #4 - SUBJECT ADDED ENTRY--GEOGRAPHIC NAME
Geographic name United Kingdom
Chronological subdivision
690 ## - LOCAL SUBJECT ADDED ENTRY--TOPICAL TERM (OCLC, RLIN)
Topical term or geographic name as entry element BUILT ENVIRONMENT-CONSTRUCTION MARKET
700 1# - ADDED ENTRY--PERSONAL NAME
Personal name Andrews, Peter
700 1# - ADDED ENTRY--PERSONAL NAME
Personal name Redfern, Bernadette
700 1# - ADDED ENTRY--PERSONAL NAME
Personal name Greeman, Adrian
700 1# - ADDED ENTRY--PERSONAL NAME
Personal name Mylius, Andrew
942 ## - ADDED ENTRY ELEMENTS (KOHA)
Suppress in OPAC 0
Holdings
Withdrawn status Lost status Source of classification or shelving scheme Damaged status Not for loan Home library Current library Shelving location Date acquired Total Checkouts Full call number Barcode Date last seen Copy number Price effective from Koha item type
    Dewey Decimal Classification     London London Journal article 27/07/2006   L134340 30071835 06/08/2019 1 06/08/2019 Journal article